000 00453nam a2200169 4500
001 111242
003 ES-MaACL
005 20230906185253.0
007 t|
008 061121s1939 it r ||||1| ita d
100 1 _aOlgena, Angel.
_986711
245 1 0 _aPatria /
_cAngel Olgena.
260 _aFlorencia :
_bF. Le Monnier,
_c1939.
300 _a74 p. ;
_c19 cm.
500 _aPertenece a Relatos del Pueblo.
852 _aES-MaACL
_j1834-F-11
_bR.17037
999 _c111242
_d111242